Culture générale en 60 secondes #9 - Politique Française - Statistiques

Statistiques générales
  • Ce quiz a été pris 91 fois
  • Le résultat moyen est 5 sur 15
Statistiques - réponses
DeIndice Réponse % Correct
Combien de candidats y a t-il eu lors des élections présidentielles de 2022 ? 12
69%
Quel est le prénom de l'actuelle présidente de l'Assemblée nationale ? Yaël
69%
Qui a été la concurrente principale du PS lors des municipales 2026 à Paris ? Rachida Dati
66%
Quelle est la durée du mandat des sénateurs ? 6 ans
52%
Quel ancien premier ministre sous Hollande a été également maire de Nantes ? Jean-Marc Ayrault
44%
Qui est l'actuel ministre de l'Intérieur ? Laurent Nuñez
38%
L'Assemblée nationale et le Sénat sont aussi appelés chambre _____ et chambre _____ Basse
36%
L'Assemblée nationale et le Sénat sont aussi appelés chambre _____ et chambre _____ Haute
36%
Nommez un des deux seuls Premier ministre sous Macron n'ayant pas utilisé le 49.3 Jean Castex | Gabriel Attal
26%
Qui est la présidente du parti Les Écologistes ? Marine Tondelier
23%
Comment s'appelle la résidence officielle du Premier ministre ? Hôtel {Matignon}
21%
De combien de députés est constituée l'Assemblée nationale ? 577
18%
Quelle ville est dirigée par Éric Ciotti depuis les municipales de 2026 ? Nice
18%
Quel est le mode de scrutin des élections législatives ? Scrutin {majoritaire}
18%
Quel parti politique est dirigé par Nicolas Dupont-Aignan ? Debout la France
11%
Aucun quiz correspondant
Distribution des résultats
% des personnes avec chaque résultat
Percentile par nombre de réponses
Votre historique - résultats
Vous n’avez pas pris ce quiz